Networks & Systems (Record no. 3152)

MARC details
000 -LEADER
fixed length control field 00382nam a2200169Ia 4500
008 - FIXED-LENGTH DATA ELEMENTS--GENERAL INFORMATION
fixed length control field 221030s9999 xx 000 0 und d
020 ## - INTERNATIONAL STANDARD BOOK NUMBER
ISBN 8187522089
041 ## - LANGUAGE CODE
Language code of text/sound track or separate title
082 ## - DEWEY DECIMAL CLASSIFICATION NUMBER
Classification number 105.23
Item number Hus
100 ## - MAIN ENTRY--AUTHOR NAME
Personal name A. Hussain
245 #0 - TITLE STATEMENT
Title Networks & Systems
Statement of responsibility, etc by A. Hussain
250 ## - EDITION STATEMENT
Edition statement 2nd
260 ## - PUBLICATION, DISTRIBUTION, ETC. (IMPRINT)
Name of publisher Khanna Book
Place of publication Delhi
Year of publication 2006
300 ## - PHYSICAL DESCRIPTION
Number of Pages 1145
650 ## - SUBJECT ADDED ENTRY--TOPICAL TERM
Topical Term EE
942 ## - ADDED ENTRY ELEMENTS (KOHA)
Koha item type Books
Holdings
Accession Number Cost, normal purchase price Full call number Price effective from Koha item type Withdrawn / writtenoff status Materials specified (bound volume or other part) Damaged status Not for loan Permanent Location Current Location Shelving location Date acquired Lost/ Missing status department
BE 8883 350.00 105.23 Hus 10/30/2022 Books   Print     MIET Library, Jammu MIET Library, Jammu BL-Academic Block C, FL-2, CUP-33, SH-5, R-5 11/28/2006   BE
BE 8879 350.00 105.23 Hus 10/30/2022 Books   Print   Not For Loan MIET Library, Jammu MIET Library, Jammu BL-Second, FL-1, CUP-79, SH-4, R-4 11/28/2006   BE
BE 8880 350.00 105.23 Hus 10/30/2022 Books   Print     MIET Library, Jammu MIET Library, Jammu BL-Academic Block C, FL-2, CUP-33, SH-5, R-5 11/28/2006   BE
BE 8881 350.00 105.23 Hus 10/30/2022 Books   Print     MIET Library, Jammu MIET Library, Jammu BL-Academic Block A, FL-1, CUP-33, SH-5, R-5 11/28/2006   BE
BE 8882 350.00 105.23 Hus 10/30/2022 Books   Print     MIET Library, Jammu MIET Library, Jammu BL-Academic Block A, FL-1, CUP-33, SH-5, R-5 11/28/2006   BE
BE 8884 350.00 105.23 Hus 10/30/2022 Books   Print     MIET Library, Jammu MIET Library, Jammu BL-Academic Block C, FL-2, CUP-33, SH-5, R-5 11/28/2006   BE
BE 8885 350.00 105.23 Hu 10/30/2022 Books   Print     MIET Library, Jammu MIET Library, Jammu BL-First, FL-1, CUP-33, SH-5, R-5 11/28/2006   BE
BE 8886 350.00 105.23 Hus 10/30/2022 Books   Print     MIET Library, Jammu MIET Library, Jammu BL-Academic Block C, FL-2, CUP-33, SH-5, R-5 11/28/2006   BE
BE 8887 350.00 105.23 Hus 10/30/2022 Books   Print     MIET Library, Jammu MIET Library, Jammu BL-Academic Block C, FL-2, CUP-33, SH-5, R-5 11/28/2006   BE
BE 8888 350.00 105.23 Hus 10/30/2022 Books   Print     MIET Library, Jammu MIET Library, Jammu BL-Academic Block C, FL-2, CUP-33, SH-5, R-5 11/28/2006   BE